Les & Slovenské lesokruhy časopis lesníkov, majiteľov a priateľov lesa
| New Title: | Les a letokruhy |
|---|---|
| Previous Title: | Les Slovenské lesokruhy |
| Other Authors: | |
| Format: | Journal |
| Language: | Slovak |
| PhysicalDescription: | 3 zv. 30 cm |
| Published: |
Bratislava
Lesmedium Ministerstvo pôdohospodárstva SR
2006-2008
|
| ISSN: | 1337-088X 0323-0996 1336-0612 1337-9712 |
| Subjects: | |
| Online Access: | http://www.lesmedium.sk |
MARC
| LEADER | 00000cas a2200000 a 4500 | ||
|---|---|---|---|
| 001 | vtls008945003 | ||
| 003 | SK-MaSNL | ||
| 005 | 20260228163555.0 | ||
| 008 | 250526d20062008xo br|p 0 b0slo c | ||
| 022 | |a 1337-088X |z 1336-9237 | ||
| 035 | |a (SVKBB)vtls000256602 | ||
| 040 | |a SVKBB |b slo |c SVKBB |d SAVUK |d SNK |e AACR2 | ||
| 041 | 0 | |a slo | |
| 044 | |a xo |c SK | ||
| 072 | 7 | |a 630 |x Lesníctvo |2 konspekt | |
| 080 | |a 050 |2 2001 | ||
| 080 | |a 630 |2 2001 | ||
| 080 | |a 630.1 |2 2001 | ||
| 080 | |a 630.92 |2 2001 | ||
| 080 | |a 347.23 |2 2001 | ||
| 080 | |a 630.81 |2 2001 | ||
| 080 | |a 630.41 |2 2001 | ||
| 080 | |a (051)-027.561 |2 2001 | ||
| 210 | 0 | |a Les Slov. lesokruhy | |
| 222 | 0 | |a Les Slovenské lesokruhy | |
| 245 | 0 | 0 | |a Les & Slovenské lesokruhy |b časopis lesníkov, majiteľov a priateľov lesa |
| 246 | 3 | 3 | |a Les a Slovenské lesokruhy |
| 246 | 3 | 3 | |a Slovenské lesokruhy & Les |f Jan./feb.-máj/jún (2006) |
| 260 | |a Bratislava |b Lesmedium |b Ministerstvo pôdohospodárstva SR |c 2006-2008 | ||
| 300 | |a 3 zv. |c 30 cm | ||
| 310 | |a 6x ročne | ||
| 362 | 0 | |a Č. jan./feb. (2006)-č. 11-12 (2008) | |
| 500 | |a Po č. máj/jún (2006) hlavný názov: Slovenské lesokruhy a les | ||
| 500 | |a Podnázov v č. jan./feb. (2006): magazín o lesníctve, vlastníctve lesov a hospodárení s drevom | ||
| 500 | |a Šéfredaktor: 2006-2008, Ján Fillo | ||
| 500 | |a Popis podľa: č. júl./aug. (2006) | ||
| 500 | |a Reg. č.: MK SR 2691/2001 | ||
| 500 | |a Vydavateľ: Lesmedium, k.s. Bratislava v spolupráci s Ministerstvom pôdohospodárstva SR | ||
| 500 | |a V r. 2006 pri č. máj/jún-nov./dec. sa uvádza č. ISSN 1336-9237 | ||
| 500 | |a Od r. 2007 sa uvádza číslo ISSN 1337-088X | ||
| 500 | |a V r. 2007 vydavateľ: Lesmedium SK, s.r.o. Bratislava v spolupráci s Ministerstvom pôdohospodárstva SR | ||
| 515 | |a Vychádza 12 čísel ročne ako dvojčísla jan./feb., mar./apr., ... resp. 1-2, 3-4,..., 11-12 | ||
| 515 | |a V tir. uvedené dvojité číslovanie ročníkov, pokračovanie v číslovaní časopisu Les a časopisu Slovenské lesokruhy | ||
| 580 | |a Vytvorené spojením: Slovenské lesokruhy a Les | ||
| 650 | 7 | |a lesníctvo |2 SNKPH |9 1255 | |
| 650 | 7 | |a lesy |2 SNKPH |9 1437 | |
| 650 | 7 | |a lesný majetok |2 SNKPH |9 69485 | |
| 650 | 7 | |a vlastnícke právo |2 SNKPH |9 2249 | |
| 650 | 7 | |a drevo |2 SNKPH |9 3560 | |
| 650 | 7 | |a ochrana lesa |2 SNKPH |9 2455 | |
| 650 | 7 | |a odborné časopisy |2 SNKPH |9 69428 | |
| 700 | 1 | |a Fillo, Ján |4 pbd |9 5020 | |
| 780 | 0 | 4 | |t Les |x 0323-0996 |w vtls001467865 |
| 780 | 0 | 4 | |t Slovenské lesokruhy |x 1336-0612 |w vtls001467658 |
| 785 | 0 | 0 | |t Les a letokruhy |x 1337-9712 |w vtls010034912 |
| 852 | |a Štátna vedecká knižnica v Banskej Bystrici | ||
| 856 | 4 | 0 | |u http://www.lesmedium.sk |
| 910 | |a snk | ||
| 910 | |a savuk | ||
| 916 | |a 2006-2008 | ||
| 958 | |a ONDV | ||
| 999 | |c 9897 |d 11827 | ||
| 952 | |0 0 |1 0 |4 0 |7 0 |8 0 |a SNK |b SNK |d 2011-11-11 |f 1 |i snk2011/22590 |l 0 |o snkČSB 5745/2007 |p 17A0706116 |r 2026-02-21 20:29:36 |t č. 1-12 |w 2026-02-21 |y PREZ | ||
| 952 | |0 0 |1 0 |4 0 |7 0 |8 0 |a SNK |b SNK |d 2011-11-11 |i snk2011/22592 |l 0 |o snkČSB 5745/2007 D1 |p 17A0706117 |r 2026-02-21 20:29:36 |t č. 1-12 |w 2026-02-21 |y PREZ | ||
| 952 | |0 0 |1 0 |4 0 |7 0 |8 0 |a SNK |b SNK |d 2011-11-11 |f 1 |i snk2011/22594 |l 0 |o snkČSB 5745/2008 |p 17A0706118 |r 2026-02-21 20:29:36 |t č. 1-12 + 3 príl. |w 2026-02-21 |y PREZ | ||
| 952 | |0 0 |1 0 |4 0 |7 0 |8 0 |a SNK |b SNK |d 2011-11-11 |i snk2011/22595 |l 0 |o snkČSB 5745/2008 D1 |p 17A0706119 |r 2026-02-21 20:29:36 |t č. 1-12 + 1 príl. |w 2026-02-21 |y PREZ | ||
| 952 | |0 0 |1 0 |4 0 |7 0 |8 0 |a SNK |b SNK |d 2011-11-10 |f 1 |i snk2011/22565 |l 0 |o snkČSB 5745/2006 |p 17A0706114 |r 2026-02-21 20:29:41 |t č. 1-12 |w 2026-02-21 |y PREZ | ||
| 952 | |0 0 |1 0 |4 0 |7 0 |8 0 |a SNK |b SNK |d 2011-11-10 |i snk2011/22566 |l 0 |o snkČSB 5745/2006 D1 |p 17A0706115 |r 2026-02-21 20:29:41 |t č. 1-12 |w 2026-02-21 |y PREZ | ||


